Aké ruže poznáme - rozdelenie ruží. III

Bibliographic Details
Main Author: Limbacher, Rezső, 1872-1947 (Author)
Other Authors: Petráš, Vojtech (Translator)
Format: Article
Language:Slovak

MARC

LEADER 00000nab a2200000uu 4500
001 vtls010912105
003 SK-MaSNL
005 20260303142701.0
008 230222|1944 xo |||||||||||||||||slo|
015 |a SNBRB 
035 |a (urnnbn)urn:nbn:sk:snk:ar-a086nj 
035 |a (uuid)a92e34ee-4775-4a6a-8ea2-5a0304dba05a 
035 |a urn:nbn:sk:snk-ab915o 
040 |a SNKBUCL  |b slo  |c SNKBUCL  |e AACR2 
041 0 |a slo 
044 |a xo  |c SK 
100 1 |a Limbacher, Rezső,  |d 1872-1947  |4 aut  |9 52500 
245 1 0 |a Aké ruže poznáme - rozdelenie ruží. III  |c R. Limbacher, Vojtech Petráš 
700 1 |a Petráš, Vojtech  |4 trl  |9 345168 
773 0 |t Slovenské ovocinárstvo : odborný časopis pre povznesenie ovocinárstva, vinohradníctva a záhradníctva : orgán Slovenskej ovocinárskej spoločnosti a jej odbočiek  |g Roč. 21, č. 485-486 (1944), s. 103-105 
954 |a odborná, vedecká literatúra pôvodná (slovenská)  |2 lita 
958 |a OND 
958 |a EUIPO 
958 |a article10 
999 |c 1985352  |d 1987282